| 000 | 00580cam a22002418a 4500 | ||
|---|---|---|---|
| 001 | 13696878 | ||
| 005 | 20180123043547.0 | ||
| 008 | 030704s2003 enkb 001 0 eng | ||
| 015 | _aGBA3-V4228 | ||
| 020 | _a0749539704 | ||
| 035 | _a(OCoLC)ocm52830154 | ||
| 040 |
_aUKM _cUKM _dOCLCQ _dDLC |
||
| 041 | _aeng | ||
| 080 | _a912 eyr | ||
| 082 | 0 | 4 |
_a912 eyr _221 |
| 100 | _a42 | ||
| 101 | _agje | ||
| 245 | 0 | 0 | _aAA world atlas. |
| 740 | 0 | _aWorld atlas. | |
| 906 |
_a0 _bibc _ccopycat _d3 _encip _f20 _gy-gencatlg |
||
| 942 |
_2ddc _cBK |
||
| 999 |
_c40748 _d40748 |
||